| 000 | 00709cam a22001934a 4500 | ||
|---|---|---|---|
| 005 | 20250605164021.0 | ||
| 008 | 250528s ||||||||||||||||||||||||d | ||
| 035 | _a16360 | ||
| 020 | _a186154006 | ||
| 040 |
_aGR-AtMCL _bgre _dGR-AtMCL _eAACR2 |
||
| 245 | 1 | _aDesign Without Boundaries / Visual Communication in Transition | |
| 260 |
_bBooth-Clibborn Editions, _c1998 |
||
| 300 | _a296 | ||
| 520 | _aA new standard for graphic design journalism. Introduction, Redefinitions, International Graphic Design, British Graphic Design, Image Makers, Magazines, Old Media and New Media, Crossovers, Bibliography, Index. | ||
| 700 | 1 |
_aPoynor Rick _92451 |
|
| 942 | _cBK | ||
| 999 |
_c1869 _d1869 |
||